000 00284nam a22001217a 4500
008 160518b xxu||||| |||| 00| 0 eng d
020 _a9780803601574
020 _a0803601573
041 _aeng
080 _a618.2
245 _aNursing care plans:
_cJoseph T. Burley:
942 _2udc
_cBK
999 _c2182
_d2182